000 00511nam a2200181Ia 4500
008 090123s9999 xx 000 0 und d
082 _b1096
100 _aघाटे विठ्टलराव
245 _aमनोगते
250 _a1
260 _bभागवत वा.पु.
300 _a140
600 _aघाटे विठ्टलराव
630 _aमनोगते
700 _aघाटे विठ्टलराव
730 _aमनोगते
942 _cBOOK
999 _c39180
_d39180